000 00662nam a2200193 a 4500
001 000006065
005 20200929151918.0
008 090826s2008 dr a 000 0 spa d
040 _aDO-SdBNP
_bspa
_cBNPHU
082 _a598.6
_bC818m
100 1 _aCornielle, José Luis,
_d1968-
_917075
245 1 3 _aLa magia para encastar y entrenar gallos de combate /
_cJosé Luis, Cornielle.
260 _aSanto Domingo :
_b[s.n.],
_c2008.
300 _a199 p. :
_bil. ;
_c21 cm.
500 _aIncluye datos biográficos del autor en la conatracubierta
504 _aBibliografía : p. 199
650 4 _aGallos
_xCría y desarrollo
_917076
650 4 _aPeleas de gallos
_917077
999 _c5861
_d5861